00891 a2200217 4500003000500000005001700005020001500022040000900037082001200046100001700058245004200075250002500117260006000142300002900202440001200231505023400243650003500477942002100512999001900533952012100552NUST20221122125255.0 a8120325796 cNust a519,SAS aSastry, S.S. aEngineering mathematics /cS.S.Sastry aThird Editionbvol.1 aPrentice-Hall of India Private LimitedbNew Delhic2004 axvi, 751p.:b18 cmcillu vVolum-1 aHigher Algebra (Page-1), Geometry, Vectors and Complex Numbers (Page-153), Differentiation (Page-304), Integration (Page-420), Function of Several Variables (Page-499), Multiple Integrals (Page-578), Numerical Methods (Page-647). aEngineering mathematic9103342 2ddccBKk519,SAS c188762d188762 00102ddc4070aMCSbMCScGENd2016-12-12o519,SASpMCS31153r2016-12-08w2016-12-12yBKzAlmirah No.14, Shelf No.2